Shaun of the Dead Quiz - Statistics

General Stats
  • This quiz has been taken 566 times
  • The average score is 9 of 15
Answer Stats
Hint Answer % Correct
How old is Shaun? 29
92%
What does Ed ask for when Shaun goes to the shop? Cornetto
91%
What's the name of the pub the group go to? Winchester
91%
What is Shaun's signature weapon? Cricket Bat
87%
According to Big Al, what can't look up? Dogs
84%
"You've got --- on you" Red
84%
What song by Queen plays on the jukebox? Don't Stop Me Now
83%
What's missing from the third zombie they encounter? He's got an arm off!
80%
What type of car does Philip drive? Jaguar
70%
What's the name of the first zombie they meet? Mary
59%
"We're not using the - ----!" Z Word
37%
What album belonging to Liz do they throw? Sade
26%
What game did Pete, Shaun and Ed stay up all night playing five years ago? Tekken 2
26%
What's the name of Shaun's young co-worker? Noel
19%
What were they drinking that night? Apple Schnappes
6%
No matching quizzes found
Score Distribution
Percent of People with Each Score
Percentile by Number Answered
Your Score History
You have not taken this quiz